<?xml version="1.0" encoding="UTF-8"?>
<collection xmlns="http://www.loc.gov/MARC21/slim">
 <record>
  <leader>     na                 </leader>
  <controlfield tag="001">INLIS000000000002982</controlfield>
  <controlfield tag="005">20260409082459</controlfield>
  <controlfield tag="035">$a 0010-0426000073</controlfield>
  <controlfield tag="245">$a Keajaiban Tembok Besar Cina /$c Tim CBM</controlfield>
  <controlfield tag="100">$a Tim CBM</controlfield>
  <controlfield tag="300">$a 56 hlm : $b ilus ; $c 17.5 x 25 cm</controlfield>
  <controlfield tag="260">$a Bandung :$b PT Karya Kita,$c 2007</controlfield>
  <controlfield tag="082">$a 932</controlfield>
  <controlfield tag="084">$a 932 TIM k</controlfield>
  <controlfield tag="020">$a 978-979-9282-66-8</controlfield>
  <controlfield tag="990">$a 2511/2012</controlfield>
  <controlfield tag="990">$a 2512/2012</controlfield>
  <controlfield tag="990">$a 2513/2012</controlfield>
  <controlfield tag="990">$a 2514/2012</controlfield>
  <controlfield tag="990">$a 2515/2012</controlfield>
 </record>
</collection>
